Statistics for Most Popular Shotgun Willy songs

Click here to take the quiz!

General Stats

  • This quiz has been taken 49 times
  • The average score is 6 of 10

Answer Stats

HintAnswer% Correct
13,010,398Oreo
91%
47,421,754Cheat Codes
77%
13,344,920Master Sword
73%
22,730,283Wendy
73%
3,107,766Mr. Money Bags
68%
10,524,365Last Chance
64%
8,902,204Wombo Combo
55%
3,932,336Bumpin'
50%
8,529,277She took the kids
45%
4,867,806Blues Clues
32%

Score Distribution

Percentile by Number Answered

Percent of People with Each Score

Your Score History

You have not taken this quiz